Cohen-Macaulay representations /

Guardado en:
Autor Principal: Leuschke, Graham J., 1973-
Otros Autores: Wiegand, Roger, 1943-
Formato: Libro
Idioma:English
Publicado: Providence, R.I. : American Mathematical Society, c2012.
Series:Mathematical surveys and monographs ; no. 181.
Materias:
Etiquetas: Agregar Etiqueta
Sin Etiquetas, Sea el primero en etiquetar este registro!
LEADER 01808cam a22002774a 4500
001 MAT.inmabb006880
008 120221s2012####riu######b####001#0#eng##
005 20151014180259.0
245 1 0 |a Cohen-Macaulay representations /  |c Graham J. Leuschke, Roger Wiegand. 
260 |a Providence, R.I. :  |b American Mathematical Society,  |c c2012. 
300 |a xvii, 367 p ;  |c 26 cm. 
490 1 |a Mathematical surveys and monographs ;  |v v. 181 
504 |a Incluye referencias bibliográficas e índice. 
505 0 |a Chapter 1. The Krull-Remak-Schmidt theorem -- Chapter 2. Semigroups of modules -- Chapter 3. Dimension zero -- Chapter 5. Invariant theory -- Chapter 6. Kleinian singularities and finite CM type -- Chapter 7. Isolated singularities and dimension two -- Chapter 8. The double branched cover -- Chapter 9. Hypersurfaces with finite CM type -- Chapter. 10. Ascent and descent -- Chapter 11. Auslander-Buchweitz theory -- Chapter 12. Totally reflexive modules -- Chapter 13. Auslander-Reiten theory -- Chapter 14. Countable Cohen-Macaulay type -- Chapter 15. The Brauer-Thrall conjectures -- Chapter 16. Finite CM type in higher dimensions -- Chapter 17. Bounded CM type -- Appendix A. -- Basics and background -- Appendix B. -- Ramification theory. 
510 4 |a MR,  |c 2919145 
020 |a 9780821875810 (alk. paper) 
100 1 |a Leuschke, Graham J.,  |d 1973- 
700 1 |a Wiegand, Roger,  |d 1943- 
830 0 |a Mathematical surveys and monographs ;  |v no. 181. 
084 |a 13C14  |a 16G50  |a 13B40  |a 13C05  |a 13C60  |a 13H10  |a 16G10  |a 16G60  |a 16G70  |2 msc 
650 0 |a Cohen-Macaulay modules. 
650 0 |a Representations of rings (Algebra) 
084 |a 13C14 (13H10 16G10)  |2 msc2010 
010 |a  2012002344 
040 |a DLC  |b eng  |c DLC  |d YDX  |d BTCTA  |d YDXCP  |d FDA  |d YUS  |d BWX  |d DLC 
859 |h 13  |i L654  |p A-8955  |b BIB. MATEMATICA